Countries with the Tallest Churches - Statistics

General Stats
  • This quiz has been taken 577 times
    110 since last reset
  • The average score is 13 of 17
Answer Stats
# Country % Correct
30 Germany
95%
7 Italy
95%
3 United Kingdom
95%
3 United States
95%
2 Spain
93%
9 France
90%
5 Russia
90%
2 Netherlands
82%
8 Poland
82%
5 Belgium
81%
2 Brazil
81%
4 Austria
73%
4 Sweden
72%
2 Argentina
70%
2 Czechia
66%
2 Colombia
53%
2 Estonia
12%
No matching quizzes found
Score Distribution
Percent of People with Each Score
Percentile by Number Answered
Your Score History
You have not taken this quiz since the last reset